000 00602nam a2200181Ia 4500
008 090123s9999 xx 000 0 und d
082 _b39846
100 _aकदम माधव
245 _aविजयदुर्गाची विजयगाथा
250 _a1
260 _bसोनाली प्रकाशन
_c2005
300 _a62
600 _aकदम माधव
630 _aविजयदुर्गाची विजयगाथा
700 _aकदम माधव
730 _aविजयदुर्गाची विजयगाथा
942 _cBOOK
999 _c77918
_d77918